| 000 | 00343nam a2200121 a 4500 | ||
|---|---|---|---|
| 001 | 4144 | ||
| 005 | 20140414131945.0 | ||
| 008 | 090317s19uu xx 00 eng d | ||
| 050 |
_aTR 372.4 _bB61 2001 |
||
| 100 | _aBlevins, Wiley | ||
| 245 |
_aTeaching phonics & word study in the intermediate grades : _ba complete sourcebook. |
||
| 999 |
_c112657 _d112657 |
||